<?xml version="1.0" encoding="UTF-8"?>
<record
    xmlns:xsi="http://www.w3.org/2001/XMLSchema-instance"
    xsi:schemaLocation="http://www.loc.gov/MARC21/slim http://www.loc.gov/standards/marcxml/schema/MARC21slim.xsd"
    xmlns="http://www.loc.gov/MARC21/slim">

  <leader>00250nam a2200097Ia 4500</leader>
  <controlfield tag="008">230915s9999    xx            000 0 und d</controlfield>
  <datafield tag="050" ind1=" " ind2=" ">
    <subfield code="a">QD75.22.S685.C.1</subfield>
  </datafield>
  <datafield tag="100" ind1=" " ind2=" ">
    <subfield code="a">A.K.SRIVASTAVA</subfield>
  </datafield>
  <datafield tag="245" ind1=" " ind2="0">
    <subfield code="a">INSTRUMENTAL APPROACH TO CHEMICAL ANALYSIS</subfield>
  </datafield>
  <datafield tag="942" ind1=" " ind2=" ">
    <subfield code="c">BK</subfield>
  </datafield>
  <datafield tag="999" ind1=" " ind2=" ">
    <subfield code="c">62856</subfield>
    <subfield code="d">62856</subfield>
  </datafield>
  <datafield tag="952" ind1=" " ind2=" ">
    <subfield code="0">0</subfield>
    <subfield code="1">0</subfield>
    <subfield code="2">lcc</subfield>
    <subfield code="4">0</subfield>
    <subfield code="7">0</subfield>
    <subfield code="8">SCT</subfield>
    <subfield code="a">KSUL</subfield>
    <subfield code="b">KSUL</subfield>
    <subfield code="c">DISPLAY</subfield>
    <subfield code="d">2023-09-15</subfield>
    <subfield code="i">46243</subfield>
    <subfield code="l">6</subfield>
    <subfield code="o">QD  75.22 .A685 2009</subfield>
    <subfield code="p">014821</subfield>
    <subfield code="r">2026-03-20 10:35:41</subfield>
    <subfield code="s">2026-03-18</subfield>
    <subfield code="t">C.1</subfield>
    <subfield code="w">2023-09-15</subfield>
    <subfield code="y">BK</subfield>
  </datafield>
</record>
